Education in ancient India : (Record no. 134046)

MARC details
000 -LEADER
fixed length control field 00859nam a22002417a 4500
005 - DATE AND TIME OF LATEST TRANSACTION
control field 20170124110220.0
010 ## - LIBRARY OF CONGRESS CONTROL NUMBER
LC control number A-945745
020 ## - INTERNATIONAL STANDARD BOOK NUMBER
Terms of availability 380.00
International Standard Book Number 8124601135
035 ## - SYSTEM CONTROL NUMBER
System control number A-945745
037 ## - SOURCE OF ACQUISITION
Source of stock number/acquisition Cen Lib/Ret
040 ## - CATALOGING SOURCE
Original cataloging agency DPL
Language of cataloging EN
082 ## - DEWEY DECIMAL CLASSIFICATION NUMBER
Classification number 370.954
Item number CHA
100 ## - MAIN ENTRY--PERSONAL NAME
Personal name Chatterjee, Mitali
9 (RLIN) 108657
245 ## - TITLE STATEMENT
Title Education in ancient India :
Statement of responsibility, etc by Mitali Chatterjee
Remainder of title from literary sources of the Gupta age /
260 ## - PUBLICATION, DISTRIBUTION, ETC. (IMPRINT)
Place of publication, distribution, etc New Delhi
Name of publisher, distributor, etc D.K. Printworld (P) Ltd.
Date of publication, distribution, etc 1999
270 ## - ADDRESS
City New Delhi
Address "Sri Kunj" F-52, Bali Nagar
Postal code 110015
300 ## - PHYSICAL DESCRIPTION
Extent vii,303p.
Dimensions 22cm(Hb)
490 ## - SERIES STATEMENT
Series statement Reconstructing Indian history and culture,
Volume number/sequential designation no. 17.
500 ## - GENERAL NOTE
General note Includes bibliographical references and index<br/>
650 ## - SUBJECT ADDED ENTRY--TOPICAL TERM
Topical term or geographic name as entry element Education -- India -- History
9 (RLIN) 20617
650 ## - SUBJECT ADDED ENTRY--TOPICAL TERM
Topical term or geographic name as entry element Education, Ancient -- India
9 (RLIN) 108658
942 ## - ADDED ENTRY ELEMENTS (KOHA)
Source of classification or shelving scheme Dewey Decimal Classification
Koha item type English Books
Classification part 370.954
Call number suffix CHA
Holdings
Withdrawn status Lost status Damaged status Not for loan Collection code Home library Current library Date acquired Source of acquisition Cost, normal purchase price Total Checkouts Full call number Barcode Date last seen Copy number Cost, replacement price Price effective from Koha item type
      Not For Loan Reference Central Library Central Library 28/07/2015 Cen Lib/Ret 380.00   370.954 CHA A-945745 28/07/2015 1 380.00 28/07/2015 English Books

© Delhi Public Library
Hit Counter
free hit counter